[Event "Spring op"]
[Site "Winnipeg CAN"]
[Date "1997.04.12"]
[Round "3"]
[White "Roque, Rodolfo"]
[Black "Desrochers, Kerry"]
[Result "1-0"]
[WhiteElo "1956"]
[BlackElo "1681"]
[PlyCount "81"]
[GameId "2160767911966135"]
[EventDate "1997.04.12"]
[EventType "swiss"]
[EventRounds "5"]
[EventCountry "CAN"]

1. e4 e6 2. d4 d5 3. Bd3 dxe4 4. Bxe4 Nf6 5. Bg5 h6 6. Bxf6 Qxf6 7. Nf3 Bd6 8. Nbd2 O-O 9. O-O c6 10. c3 Nd7 11. Rc1 Re8 12. Bb1 e5 13. Ne4 Qe7 14. Re1 Nf6 15. Nxf6+ Qxf6 16. dxe5 Bxe5 17. Rxe5 Rd8 18. Qc2 g6 19. Rce1 Bg4 20. Qe4 Bxf3 21. gxf3 Rd2 22. Bc2 Kg7 23. f4 Qh4 24. Re2 Qg4+ 25. Kf1 Qh3+ 26. Qg2 Qxg2+ 27. Kxg2 Rad8 28. Bb3 R2d6 29. Re7 Rf6 30. Rxb7 Rxf4 31. Rxa7 Rd3 32. Ree7 Rdf3 33. Re2 Rf6 34. Rc7 R3f5 35. a4 Rg5+ 36. Kh1 Rf4 37. Ree7 Rgf5 38. Rxf7+ Rxf7 39. Rxf7+ Rxf7 40. Bxf7 Kxf7 41. a5 1-0

[Event "Spring op"]
[Site "Winnipeg CAN"]
[Date "1997.04.13"]
[Round "4"]
[White "Agusti, Marcos"]
[Black "Repa, Jason"]
[Result "0-1"]
[WhiteElo "1651"]
[BlackElo "1806"]
[PlyCount "66"]
[GameId "2160767911966136"]
[EventDate "1997.04.12"]
[EventType "swiss"]
[EventRounds "5"]
[EventCountry "CAN"]

1. d4 e6 2. c4 Nf6 3. Nf3 Bb4+ 4. Nbd2 O-O 5. a3 Bxd2+ 6. Bxd2 d5 7. e3 Re8 8. b4 Nbd7 9. Bc3 Ne4 10. Bb2 c6 11. Bd3 Ndf6 12. O-O b6 13. Ne5 Qc7 14. Rc1 Nd7 15. f4 a5 16. cxd5 Nxe5 17. dxe5 exd5 18. Bb5 Bb7 19. Qc2 axb4 20. Bxc6 Bxc6 21. Qxc6 Qxc6 22. Rxc6 bxa3 23. Ba1 b5 24. Rb1 Rec8 25. Rxc8+ Rxc8 26. Bd4 a2 27. Rd1 b4 28. Kf1 Rc2 29. Kg1 b3 30. h3 b2 31. Bxb2 Rxb2 32. Rxd5 a1=Q+ 33. Kh2 Kf8 0-1

[Event "Spring op"]
[Site "Winnipeg CAN"]
[Date "1997.04.13"]
[Round "4"]
[White "Kim, Phillip"]
[Black "Babb, Jeff"]
[Result "0-1"]
[WhiteElo "2073"]
[BlackElo "2226"]
[PlyCount "42"]
[GameId "2160767911966137"]
[EventDate "1997.04.12"]
[EventType "swiss"]
[EventRounds "5"]
[EventCountry "CAN"]

1. e4 e5 2. Nf3 Nc6 3. Bb5 a6 4. Ba4 Nf6 5. O-O Nxe4 6. d4 b5 7. Bb3 d5 8. dxe5 Be6 9. c3 Be7 10. Be3 O-O 11. h3 Qd7 12. Nbd2 Nxd2 13. Qxd2 Na5 14. Bc2 Nc4 15. Qc1 f6 16. Bf4 Bxh3 17. gxh3 Qxh3 18. Qd1 c6 19. e6 Bc5 20. Qe2 Qg4+ 21. Kh1 Qxf4 0-1

[Event "Spring op"]
[Site "Winnipeg CAN"]
[Date "1997.04.13"]
[Round "4"]
[White "Kurlyandchik, Evgeni"]
[Black "Andersen, Sune"]
[Result "1-0"]
[WhiteElo "2203"]
[BlackElo "2104"]
[PlyCount "63"]
[GameId "2160767911966138"]
[EventDate "1997.04.12"]
[EventType "swiss"]
[EventRounds "5"]
[EventCountry "CAN"]

1. e4 c5 2. Nf3 d6 3. d4 cxd4 4. Nxd4 Nf6 5. Nc3 g6 6. Be3 Bg7 7. f3 O-O 8. Qd2 Nc6 9. O-O-O d5 10. Nxc6 bxc6 11. exd5 cxd5 12. Nxd5 Nxd5 13. Qxd5 Qc7 14. Qc5 Qb7 15. Qa3 Bf5 16. Bd3 Rab8 17. b3 Rbc8 18. Bxf5 gxf5 19. Qa5 Qc6 20. c4 Qe6 21. Rhe1 Rxc4+ 22. bxc4 Qxc4+ 23. Kd2 Rb8 24. Rb1 Bc3+ 25. Qxc3 Qxa2+ 26. Qc2 Rd8+ 27. Kc1 Qa3+ 28. Rb2 Qa1+ 29. Qb1 Qa3 30. Bd2 Rd6 31. Kd1 f4 32. Rb8+ 1-0

[Event "Spring op"]
[Site "Winnipeg CAN"]
[Date "1997.04.13"]
[Round "4"]
[White "Llanillos, Ruben"]
[Black "Roque, Rodolfo"]
[Result "0-1"]
[WhiteElo "1751"]
[BlackElo "1956"]
[PlyCount "68"]
[GameId "2160767911966139"]
[EventDate "1997.04.12"]
[EventType "swiss"]
[EventRounds "5"]
[EventCountry "CAN"]

1. e4 d6 2. d4 Nd7 3. c4 e5 4. d5 Ngf6 5. Nc3 h6 6. Be2 Be7 7. Nf3 Nf8 8. O-O Ng6 9. Bd2 O-O 10. a4 Nh7 11. Qc1 Ng5 12. Nxg5 hxg5 13. Qd1 Nf4 14. Bg4 Bd7 15. Bxd7 Qxd7 16. Be3 g6 17. Qd2 Kg7 18. g3 Rh8 19. f3 Nh3+ 20. Kg2 Rh7 21. Rh1 Rah8 22. Raf1 b6 23. b3 Rh5 24. Nb5 Ra8 25. Re1 a6 26. Na3 Rah8 27. Kf1 Bf6 28. Ke2 g4 29. fxg4 Qxg4+ 30. Kd3 Bg5 31. Nc2 f5 32. Bxg5 Nxg5 33. exf5 Nf3 34. Re4 Qxe4+ 0-1

[Event "Spring op"]
[Site "Winnipeg CAN"]
[Date "1997.04.13"]
[Round "4"]
[White "Lukic, Luka"]
[Black "Sekhar, Ganesan"]
[Result "1-0"]
[WhiteElo "1899"]
[BlackElo "1936"]
[PlyCount "85"]
[GameId "2160767911966140"]
[EventDate "1997.04.12"]
[EventType "swiss"]
[EventRounds "5"]
[EventCountry "CAN"]

1. d4 Nf6 2. c4 g6 3. Nc3 Bg7 4. e4 O-O 5. Nf3 d6 6. Bg5 h6 7. Bd2 c5 8. d5 e5 9. dxe6 Bxe6 10. Bd3 Nc6 11. O-O Nb4 12. Qe2 Qe7 13. Rad1 Rad8 14. Bb1 Nh5 15. Rfe1 Nc6 16. h3 Rfe8 17. Qf1 Qf8 18. b3 Ne7 19. Nb5 Nc6 20. g4 Nf6 21. Bf4 Ne5 22. Bxe5 dxe5 23. Nxa7 h5 24. g5 Nd7 25. Nb5 Nb8 26. Nc7 Re7 27. Rxd8 Qxd8 28. Nd5 Rd7 29. Qg2 Nc6 30. Qg3 Qa5 31. Kf1 Kf8 32. Ng1 b5 33. cxb5 Qxb5+ 34. Bd3 Qa5 35. a4 Bxd5 36. exd5 Rxd5 37. Bc4 Rd4 38. Qf3 Nd8 39. Ne2 Rd6 40. Nc3 f5 41. gxf6 Rxf6 42. Qd5 Qxc3 43. Qxd8# 1-0

[Event "Spring op"]
[Site "Winnipeg CAN"]
[Date "1997.04.13"]
[Round "5"]
[White "Andersen, Sune"]
[Black "Kim, Phillip"]
[Result "1-0"]
[WhiteElo "2104"]
[BlackElo "2073"]
[PlyCount "77"]
[GameId "2160767911966141"]
[EventDate "1997.04.12"]
[EventType "swiss"]
[EventRounds "5"]
[EventCountry "CAN"]

1. e4 c5 2. Nf3 d6 3. d4 cxd4 4. Nxd4 Nf6 5. Nc3 g6 6. Be3 Bg7 7. f3 O-O 8. Qd2 Nc6 9. Bc4 Bd7 10. O-O-O Ne5 11. Bb3 Qa5 12. h4 Rfc8 13. h5 Nxh5 14. g4 Nf6 15. Kb1 Rxc3 16. Qxc3 Qxc3 17. bxc3 Rc8 18. c4 a5 19. a3 a4 20. Ba2 Bxg4 21. fxg4 Nexg4 22. Rhe1 Nxe4 23. Kb2 b5 24. Bg1 d5 25. cxd5 Nc3 26. Rd3 Nxa2 27. Kxa2 Bf6 28. Nc6 e6 29. Bd4 Kg7 30. Bxf6+ Nxf6 31. Nb4 exd5 32. Kb2 Ne4 33. Nxd5 f5 34. Nc3 Rxc3 35. Rxc3 Nxc3 36. Kxc3 Kf6 37. Kb4 f4 38. Kxb5 g5 39. c4 1-0

[Event "Spring op"]
[Site "Winnipeg CAN"]
[Date "1997.04.13"]
[Round "5"]
[White "Babb, Jeff"]
[Black "Kurlyandchik, Evgeni"]
[Result "0-1"]
[WhiteElo "2226"]
[BlackElo "2203"]
[PlyCount "87"]
[GameId "2160767911966142"]
[EventDate "1997.04.12"]
[EventType "swiss"]
[EventRounds "5"]
[EventCountry "CAN"]

1. e4 d6 2. Nc3 Nf6 3. g3 g6 4. Bg2 Bg7 5. d3 c5 6. Nh3 Nc6 7. f4 Bg4 8. Qd2 Nd4 9. Ng1 Rb8 10. h3 Bd7 11. Nd1 O-O 12. c3 Nc6 13. g4 e6 14. Ne3 b5 15. Nf3 b4 16. c4 Nd4 17. O-O Bc6 18. Nxd4 cxd4 19. Nc2 Qb6 20. Kh1 Qc5 21. b3 Nd7 22. f5 d5 23. exd5 exd5 24. a3 a5 25. axb4 axb4 26. Ra6 Bb7 27. Ra4 dxc4 28. dxc4 Bxg2+ 29. Qxg2 d3 30. Ne1 Qd4 31. Bd2 Nc5 32. Rxb4 Nxb3 33. Rxb8 Rxb8 34. fxg6 hxg6 35. Rf3 Nxd2 36. Qxd2 Qe4 37. Qd1 d2 38. Qxd2 Rb1 39. Qd8+ Bf8 40. Kg2 Rxe1 41. Qd5 Re2+ 42. Kg3 Qe7 43. h4 Qc7+ 44. Rf4 0-1

[Event "Spring op"]
[Site "Winnipeg CAN"]
[Date "1997.04.13"]
[Round "5"]
[White "Czarny, Keith"]
[Black "Gannon, Keith"]
[Result "1-0"]
[WhiteElo "1690"]
[BlackElo "1683"]
[PlyCount "97"]
[GameId "2160767911966143"]
[EventDate "1997.04.12"]
[EventType "swiss"]
[EventRounds "5"]
[EventCountry "CAN"]

1. Nf3 d5 2. g3 Nf6 3. Bg2 Nc6 4. d4 g6 5. O-O Bg7 6. c3 O-O 7. Bd2 Ne4 8. Re1 Nxd2 9. Nbxd2 e5 10. dxe5 Nxe5 11. Nxe5 Bxe5 12. Nb3 c6 13. Rc1 Bf5 14. Nc5 b6 15. e4 dxe4 16. Nxe4 Qxd1 17. Rcxd1 Rfd8 18. f4 Rxd1 19. Rxd1 Bg7 20. Nd6 Rd8 21. Bf3 Be6 22. Ne4 Rxd1+ 23. Bxd1 Bxa2 24. Kf2 Be6 25. Ng5 Bd5 26. Ke3 h6 27. Ne4 f5 28. Nd2 Bf8 29. Nf3 Bc5+ 30. Nd4 Kg7 31. b4 Bxd4+ 32. Kxd4 Kf6 33. c4 Bf7 34. Bf3 Be8 35. Bg2 g5 36. fxg5+ hxg5 37. Bf3 Ke6 38. h4 gxh4 39. gxh4 Kd6 40. c5+ bxc5+ 41. bxc5+ Ke6 42. h5 Kf6 43. h6 Kg6 44. Bh5+ Kxh6 45. Bxe8 Kg7 46. Bxc6 Kf6 47. Kc4 Ke5 48. Bg2 f4 49. Kb5 1-0

[Event "Spring op"]
[Site "Winnipeg CAN"]
[Date "1997.04.13"]
[Round "5"]
[White "Repa, Jason"]
[Black "Llanillos, Ruben"]
[Result "1-0"]
[WhiteElo "1806"]
[BlackElo "1751"]
[PlyCount "71"]
[GameId "2160767911966144"]
[EventDate "1997.04.12"]
[EventType "swiss"]
[EventRounds "5"]
[EventCountry "CAN"]

1. e4 e6 2. d4 d5 3. exd5 exd5 4. Bf4 Nf6 5. Bd3 Bd6 6. Ne2 O-O 7. O-O Bg4 8. f3 Bh5 9. Re1 Re8 10. Bg3 c6 11. Nd2 Qc7 12. c4 Nbd7 13. Qc2 Bg6 14. c5 Bxg3 15. Nxg3 Bxd3 16. Qxd3 Nf8 17. Ndf1 Ng6 18. Nf5 Nf4 19. Qd2 Rxe1 20. Rxe1 Ne6 21. N1g3 Kf8 22. Nd6 Ng8 23. Qe3 b6 24. b4 a5 25. a3 axb4 26. axb4 bxc5 27. bxc5 Ra4 28. Rb1 Qa7 29. Rb7 Ra1+ 30. Nf1 Rxf1+ 31. Kxf1 Qa1+ 32. Kf2 Nh6 33. g4 g5 34. h4 Qa2+ 35. Kg3 gxh4+ 36. Kh3 1-0

[Event "Spring op"]
[Site "Winnipeg CAN"]
[Date "1997.04.13"]
[Round "5"]
[White "Roque, Rodolfo"]
[Black "Lukic, Luka"]
[Result "0-1"]
[WhiteElo "1956"]
[BlackElo "1899"]
[PlyCount "75"]
[GameId "2160767911966145"]
[EventDate "1997.04.12"]
[EventType "swiss"]
[EventRounds "5"]
[EventCountry "CAN"]

1. e4 e6 2. d4 d5 3. Bd3 dxe4 4. Bxe4 Nf6 5. Bg5 Be7 6. Bxf6 Bxf6 7. Nf3 c5 8. c3 cxd4 9. cxd4 Qa5+ 10. Nc3 Nd7 11. O-O Be7 12. Rc1 Nf6 13. Bb1 Bd7 14. Ne5 Rd8 15. Qe2 a6 16. Rfd1 Bc8 17. Rd3 Nd7 18. Nc4 Qc7 19. Ne4 Qb8 20. a4 b6 21. d5 Nc5 22. Nxc5 bxc5 23. Rcd1 Rxd5 24. Rxd5 exd5 25. Rxd5 Be6 26. Rd2 O-O 27. Qe4 g6 28. Ba2 Qb4 29. Qc2 Bf6 30. b3 Bf5 31. Qd1 Bg5 32. Rd6 Re8 33. Kf1 Bf4 34. Rd8 Rxd8 35. Qxd8+ Kg7 36. h3 Qc3 37. Qd1 Bc2 38. Qe1 0-1

[Event "Suroit ch"]
[Site "Valleyfield CAN"]
[Date "1997.09.12"]
[Round "1"]
[White "Collette, Richard"]
[Black "Rousseau, Daniel"]
[Result "1/2-1/2"]
[WhiteElo "1829"]
[BlackElo "1993"]
[PlyCount "52"]
[GameId "2160767911932065"]
[EventDate "1997.09.12"]
[EventType "swiss"]
[EventRounds "5"]
[EventCountry "CAN"]
[SourceTitle "hb 2011"]

1. e4 e5 2. Nf3 Nc6 3. Bb5 a6 4. Ba4 Nf6 5. O-O b5 6. Bb3 Bb7 7. Re1 Bc5 8. c3 d6 9. d4 Bb6 10. Bg5 h6 11. Bh4 Qd7 12. a4 O-O-O 13. axb5 axb5 14. Na3 Rde8 15. d5 Ne7 16. c4 g5 17. Bg3 Ng6 18. Nxb5 h5 19. Ba4 Qg4 20. h3 Qxg3 21. Nbd4 g4 22. fxg3 gxf3 23. Qxf3 Bxd4+ 24. Kh2 Ng4+ 25. Kh1 Nf2+ 26. Kh2 Ng4+ 1/2-1/2

[Event "Suroit ch"]
[Site "Valleyfield CAN"]
[Date "1997.09.13"]
[Round "2"]
[White "Rousseau, Daniel"]
[Black "Mahabir, Hugh"]
[Result "1-0"]
[WhiteElo "1993"]
[BlackElo "1912"]
[PlyCount "60"]
[GameId "2160767911932066"]
[EventDate "1997.09.12"]
[EventType "swiss"]
[EventRounds "5"]
[EventCountry "CAN"]
[SourceTitle "hb 2011"]

1. e4 d5 2. exd5 Nf6 3. Nf3 Nxd5 4. c4 Nb6 5. d4 Bg4 6. Be3 e6 7. h3 Bh5 8. g4 Bg6 9. Nc3 N8d7 10. Be2 Be7 11. Qb3 c5 12. Rd1 Qc8 13. a4 a5 14. Qb5 O-O 15. d5 Ra6 16. O-O Rd8 17. Nd2 exd5 18. cxd5 Na8 19. Qb3 Rb6 20. Nb5 Nc7 21. Nc4 Ra6 22. d6 Nxb5 23. dxe7 Re8 24. axb5 Re6 25. Nd6 Rxd6 26. Rxd6 Rxe7 27. Rfd1 Nf8 28. Rd8 Qc7 29. b6 Qc6 30. Bb5 Qe4 1-0

[Event "Suroit ch"]
[Site "Valleyfield CAN"]
[Date "1997.09.13"]
[Round "3"]
[White "Schleifer, Michael"]
[Black "Rousseau, Daniel"]
[Result "1-0"]
[WhiteElo "2326"]
[BlackElo "1993"]
[PlyCount "83"]
[GameId "2160767911932068"]
[EventDate "1997.09.12"]
[EventType "swiss"]
[EventRounds "5"]
[EventCountry "CAN"]
[SourceTitle "hb 2011"]

1. d4 g6 2. c4 Bg7 3. e4 d6 4. f3 Nf6 5. Nc3 O-O 6. Be3 e5 7. d5 Nh5 8. Qd2 f5 9. O-O-O f4 10. Bf2 Bf6 11. Qe1 a5 12. Kb1 Na6 13. Nge2 Bd7 14. Nc1 Rf7 15. Nd3 b6 16. Be2 Rg7 17. g4 fxg3 18. hxg3 Bg5 19. f4 exf4 20. Bxh5 fxg3 21. Bd4 gxh5 22. Bxg7 Kxg7 23. Qxg3 Be8 24. Nf4 Nc5 25. Nxh5+ Kh8 26. Rdg1 h6 27. Nf4 Kg7 28. Nh3 Bg6 29. Nxg5 hxg5 30. Qe3 Qf6 31. Rxg5 Rh8 32. Rhg1 Rh6 33. Ka1 Nd7 34. Nb5 Ne5 35. Nxc7 Kh7 36. Ne6 Nf3 37. Qxb6 Nxg1 38. Rxg1 Rh2 39. e5 dxe5 40. Nf8+ Qxf8 41. Qxg6+ Kh8 42. Qg5 1-0

[Event "Suroit ch"]
[Site "Valleyfield CAN"]
[Date "1997.09.14"]
[Round "4"]
[White "Rousseau, Daniel"]
[Black "Lalonde, Paul"]
[Result "1-0"]
[WhiteElo "1993"]
[BlackElo "1882"]
[PlyCount "53"]
[GameId "2160767911932069"]
[EventDate "1997.09.12"]
[EventType "swiss"]
[EventRounds "5"]
[EventCountry "CAN"]
[SourceTitle "hb 2011"]

1. e4 c5 2. Nf3 d6 3. d4 cxd4 4. Nxd4 Nf6 5. Nc3 e6 6. g4 a6 7. g5 Nfd7 8. Be3 Qc7 9. f4 b5 10. f5 b4 11. Na4 e5 12. Ne2 Bb7 13. Bg2 Nc6 14. O-O Nc5 15. c3 Nxa4 16. Qxa4 Qa5 17. Qxa5 Nxa5 18. cxb4 Nc4 19. Bc1 Be7 20. b3 Nb6 21. Be3 Bd8 22. Rfd1 Ke7 23. f6+ gxf6 24. Ng3 d5 25. exd5 Bc8 26. d6+ Kf8 27. d7 1-0

[Event "Suroit ch"]
[Site "Valleyfield CAN"]
[Date "1997.09.14"]
[Round "5"]
[White "Rousseau, Daniel"]
[Black "Desjardins, Andre"]
[Result "1-0"]
[WhiteElo "1993"]
[BlackElo "2012"]
[PlyCount "89"]
[GameId "2160767911932070"]
[EventDate "1997.09.12"]
[EventType "swiss"]
[EventRounds "5"]
[EventCountry "CAN"]
[SourceTitle "hb 2011"]

1. d4 Nf6 2. c4 g6 3. Nc3 Bg7 4. e4 d6 5. Nf3 O-O 6. Be2 e5 7. O-O Nc6 8. d5 Ne7 9. Nd2 Nd7 10. b4 f5 11. f3 Rf7 12. c5 Nf6 13. Nc4 f4 14. a4 Bf8 15. a5 Rg7 16. b5 g5 17. Ba3 Ng6 18. b6 dxc5 19. bxc7 Rxc7 20. Qb3 Kg7 21. Nb5 Rd7 22. Bb2 Ne8 23. Nxe5 Nxe5 24. Bxe5+ Kg6 25. d6 Bg7 26. Qe6+ Bf6 27. Bxf6 Nxf6 28. Qf5+ Kh6 29. e5 a6 30. Qh3+ Nh5 31. g4 fxg3 32. f4 gxh2+ 33. Qxh2 axb5 34. Qxh5+ Kg7 35. Bd3 Kh8 36. e6 Rg7 37. e7 gxf4+ 38. Kh1 Rxe7 39. dxe7 Qxe7 40. Rae1 Bg4 41. Qxg4 Qd6 42. Qh3 Qd5+ 43. Be4 Qf7 44. Rxf4 Qe7 45. Rh4 1-0

[Event "Tandem Fast Traffic"]
[Site "Ottawa CAN"]
[Date "1997.01.02"]
[Round "3.1"]
[White "Pacey, Kevin"]
[Black "Smith, Eric"]
[Result "0-1"]
[WhiteElo "2222"]
[BlackElo "2114"]
[PlyCount "80"]
[GameId "2160767912007894"]
[EventDate "1997.01.02"]
[EventType "swiss"]
[EventRounds "5"]
[EventCountry "CAN"]

1. e4 e5 2. Bc4 Nf6 3. d3 Be7 4. Nf3 Nc6 5. O-O O-O 6. Re1 d6 7. a4 h6 8. a5 a6 9. h3 Re8 10. Nc3 Bf8 11. Be3 Bd7 12. Qd2 Qc8 13. Kh2 Be6 14. b3 Ne7 15. Bxe6 Qxe6 16. d4 exd4 17. Nxd4 Qe5+ 18. Bf4 Qh5 19. f3 Nc6 20. Nf5 Ne5 21. Qf2 Neg4+ 22. fxg4 Nxg4+ 23. Kg1 Nxf2 24. Kxf2 d5 25. Nxd5 Bc5+ 26. Kg3 Qg6+ 27. Kh2 Kh7 28. Nxc7 Qc6 29. Ra4 g6 30. Nxh6 Bd6 31. Nxa8 Bxf4+ 32. g3 Qxc2+ 33. Kh1 Bxg3 34. Ng4 Bxe1 35. Nb6 Qxb3 36. e5 Qxh3+ 37. Kg1 Bxa5 38. Nf6+ Kh8 39. Nc4 Rxe5 40. Nxe5 Bb6+ 0-1

[Event "Tandem Fast Traffic"]
[Site "Ottawa CAN"]
[Date "1997.01.02"]
[Round "3.2"]
[White "Smith, Eric"]
[Black "Pacey, Kevin"]
[Result "0-1"]
[WhiteElo "2114"]
[BlackElo "2222"]
[PlyCount "62"]
[GameId "2160767912007895"]
[EventDate "1997.01.02"]
[EventType "swiss"]
[EventRounds "5"]
[EventCountry "CAN"]

1. d4 Nc6 2. Nf3 d5 3. Qd3 Bg4 4. Nc3 e6 5. Ne5 Nxe5 6. dxe5 c6 7. Bf4 Ne7 8. f3 Bf5 9. e4 dxe4 10. Nxe4 Qxd3 11. Bxd3 Nd5 12. Bd2 Nb4 13. Bxb4 Bxb4+ 14. c3 Be7 15. Ke2 O-O-O 16. Rhd1 Rd5 17. f4 Bg4+ 18. Ke3 Bxd1 19. Rxd1 h6 20. c4 Ra5 21. a3 g5 22. fxg5 hxg5 23. Rf1 Rf8 24. Kd4 Rd8+ 25. Kc3 Rd7 26. g4 Rxe5 27. Rxf7 Rxe4 28. Bxe4 Bb4+ 29. Kxb4 Rxf7 30. Kc5 Rf4 31. Bg2 Kc7 0-1

[Event "Thunder Bay Active"]
[Site "Thunder Bay CAN"]
[Date "1997.01.25"]
[Round "4"]
[White "Parkin, Meegis"]
[Black "Katainen, Ernie"]
[Result "1-0"]
[WhiteElo "1517"]
[BlackElo "1831"]
[PlyCount "43"]
[GameId "2160767911999413"]
[EventDate "1997.01.25"]
[EventType "swiss (rapid)"]
[EventRounds "5"]
[EventCountry "CAN"]
[SourceTitle "CFC 1997.04"]
[SourceDate "2011.01.01"]
[SourceVersion "1"]
[SourceVersionDate "2011.01.01"]
[SourceQuality "1"]

1. e4 e5 2. Nf3 Nc6 3. Bc4 Bc5 4. c3 Nf6 5. O-O O-O 6. d4 exd4 7. cxd4 Bb6 8. Re1 d6 9. h3 h6 10. Nc3 Bd7 11. Bf4 a6 12. Qd2 Nh5 13. Bxh6 gxh6 14. Qxh6 Nf6 15. Qg6+ Kh8 16. Qh6+ Kg8 17. e5 Nh7 18. Re4 Na5 19. Rh4 Bf5 20. g4 Bg6 21. Qxg6+ Kh8 22. Qxh7# 1-0

[Event "Todd Southam mem."]
[Site "London CAN"]
[Date "1997.04.30"]
[Round "4"]
[White "Elieff, Kosta"]
[Black "Khan, Zamir"]
[Result "1-0"]
[WhiteElo "2271"]
[BlackElo "1979"]
[PlyCount "93"]
[GameId "2160767911966157"]
[EventDate "1997.04.09"]
[EventType "swiss"]
[EventRounds "6"]
[EventCountry "CAN"]
[SourceTitle "CFC 1997.08"]

1. Nf3 Nf6 2. g3 d5 3. Bg2 e6 4. O-O c5 5. d4 cxd4 6. Nxd4 Nc6 7. c4 Qb6 8. Nxc6 bxc6 9. Qc2 Be7 10. Nc3 O-O 11. Be3 Qc7 12. Rac1 Kh8 13. Na4 Qd8 14. Rfd1 Ng4 15. Bc5 Bxc5 16. Nxc5 Qf6 17. e4 Rb8 18. b3 dxc4 19. h3 cxb3 20. axb3 Nh6 21. Rd6 Qe7 22. e5 Nf5 23. Rcd1 Nxd6 24. exd6 Qd8 25. Bxc6 Rb6 26. Na4 Rb8 27. Nc5 Rb6 28. Qe4 f5 29. Qf3 e5 30. d7 e4 31. Bxe4 fxe4 32. Qxf8+ Qxf8 33. d8=Q Rf6 34. Nxe4 Rf3 35. Qc7 Qg8 36. Rd8 Rf8 37. Ng5 h6 38. Qxc8 Rxd8 39. Qxd8 hxg5 40. Qxg8+ Kxg8 41. Kg2 Kf7 42. Kf3 Ke6 43. Ke4 g6 44. f4 Kd6 45. fxg5 Kc5 46. h4 Kb4 47. h5 1-0

[Event "Toronto Class-ch"]
[Site "Toronto CAN"]
[Date "1997.03.08"]
[Round "3"]
[White "Teodoro, Eduardo"]
[Black "Day, Lawrence"]
[Result "0-1"]
[WhiteElo "2495"]
[BlackElo "2437"]
[PlyCount "134"]
[GameId "2160767911966376"]
[EventDate "1997.03.07"]
[EventType "swiss"]
[EventRounds "5"]
[EventCountry "CAN"]
[SourceTitle "CFC 1997.08"]

1. e4 d5 2. exd5 Qxd5 3. Nc3 Qa5 4. Nf3 Nf6 5. Be2 c6 6. O-O Bf5 7. b4 Qc7 8. b5 e6 9. a4 Bd6 10. h3 O-O 11. Nh4 Bg6 12. Nxg6 hxg6 13. bxc6 bxc6 14. d3 Nbd7 15. Bf3 Rab8 16. Ne4 Nxe4 17. Bxe4 Nf6 18. Qf3 Be5 19. Ra2 c5 20. Be3 Rfd8 21. a5 a6 22. Ra4 Rb5 23. Bd2 Rd4 24. Rxd4 cxd4 25. Bc6 Bh2+ 26. Kh1 Rf5 27. Qd1 Qxc6 28. Kxh2 Rc5 29. Qb1 Qc7+ 30. g3 Rxc2 31. Bf4 Qc3 32. Be5 Qxd3 33. Bxd4 Rd2 34. Qxd3 Rxd3 35. Bxf6 gxf6 36. Ra1 f5 37. Kg2 e5 38. Re1 Rd5 39. Ra1 Kg7 40. Ra4 Kf6 41. Kf3 Ke6 42. Ke3 Kd6 43. Ra2 Kc6 44. h4 Rb5 45. Ra3 Kc5 46. Rc3+ Kd6 47. Rd3+ Ke6 48. Ra3 Kf6 49. f3 Kg7 50. Ra2 Kh6 51. Ra3 Kh5 52. Ra4 f6 53. Rc4 Rxa5 54. Rc6 Ra3+ 55. Ke2 a5 56. Rxf6 a4 57. Rf7 Kh6 58. Re7 Ra1 59. g4 fxg4 60. fxg4 a3 61. Kf3 g5 62. hxg5+ Kg6 63. Re6+ Kg7 64. Re7+ Kf8 65. Ra7 a2 66. Kg2 e4 67. g6 e3 0-1

[Event "Toronto Class-ch"]
[Site "Toronto CAN"]
[Date "1997.03.09"]
[Round "5"]
[White "Day, Lawrence"]
[Black "Livshits, Ron"]
[Result "1/2-1/2"]
[WhiteElo "2495"]
[BlackElo "2492"]
[PlyCount "79"]
[GameId "2160767911966377"]
[EventDate "1997.03.07"]
[EventType "swiss"]
[EventRounds "5"]
[EventCountry "CAN"]
[SourceTitle "CFC 1998.04"]

1. e4 c5 2. Nf3 d6 3. c3 Nf6 4. Be2 Bg4 5. O-O e6 6. Re1 Be7 7. h3 Bh5 8. d4 cxd4 9. Nxd4 Bxe2 10. Qxe2 O-O 11. c4 Nbd7 12. Nc3 a6 13. b3 Qb6 14. Be3 Qc7 15. Rac1 Rac8 16. f4 Rfe8 17. Qf3 Bf8 18. Bf2 Nb8 19. Kh1 g6 20. Nde2 Nbd7 21. g4 Bg7 22. Red1 Qb8 23. e5 dxe5 24. g5 exf4 25. gxf6 Nxf6 26. Nxf4 Bh6 27. Bg3 e5 28. Nfd5 Nh5 29. Rc2 f5 30. Bh2 b5 31. Rg2 Bg7 32. Qe2 bxc4 33. bxc4 Qb7 34. Na4 Qc6 35. Nab6 Rb8 36. Bg1 Nf4 37. Qf3 Kh8 38. Rg3 Nh5 39. Rg2 Nf4 40. Rg3 1/2-1/2

[Event "Toronto Closed"]
[Site "Toronto CAN"]
[Date "1997.01.15"]
[Round "1"]
[White "Day, Lawrence"]
[Black "McGarrett, Ian"]
[Result "1-0"]
[WhiteElo "2510"]
[BlackElo "2303"]
[PlyCount "71"]
[GameId "2160767911999486"]
[EventDate "1997.01.15"]
[EventType "tourn"]
[EventRounds "11"]
[EventCountry "CAN"]
[SourceTitle "EXT 97"]
[Source "ChessBase"]
[SourceDate "1997.11.17"]
[SourceVersion "1"]
[SourceVersionDate "1997.11.17"]
[SourceQuality "1"]

1. e4 c5 2. Nc3 Nc6 3. g3 d6 4. Bg2 g6 5. Nh3 Bd7 6. f4 Bg7 7. d3 Rb8 8. O-O Nf6 9. Nf2 h5 10. h3 b5 11. a3 a5 12. Be3 Nd4 13. Ne2 e5 14. Nxd4 cxd4 15. Bd2 Qb6 16. Qe1 b4 17. axb4 axb4 18. b3 O-O 19. Nd1 Rfc8 20. Ra2 Bb5 21. f5 Bd7 22. Qe2 Qc5 23. Qe1 Qb6 24. Nb2 Bb5 25. Nc4 Bxc4 26. bxc4 Nd7 27. Rb2 Nc5 28. Rxb4 Qc6 29. Rxb8 Rxb8 30. f6 Bf8 31. Bf3 Qa4 32. Bd1 Rb1 33. g4 hxg4 34. hxg4 Qa1 35. Kg2 Na4 36. Rh1 1-0

[Event "Toronto Closed"]
[Site "Toronto CAN"]
[Date "1997.01.15"]
[Round "1"]
[White "Findlay, Ian"]
[Black "Williams, Paul"]
[Result "1/2-1/2"]
[WhiteElo "2391"]
[BlackElo "2229"]
[PlyCount "82"]
[GameId "2160767911999487"]
[EventDate "1997.01.15"]
[EventType "tourn"]
[EventRounds "11"]
[EventCountry "CAN"]
[SourceTitle "EXT 97"]
[Source "ChessBase"]
[SourceDate "1997.11.17"]
[SourceVersion "1"]
[SourceVersionDate "1997.11.17"]
[SourceQuality "1"]

1. e4 c5 2. Nf3 Nc6 3. d4 cxd4 4. Nxd4 Nf6 5. Nc3 e6 6. Ndb5 d6 7. Bf4 e5 8. Bg5 a6 9. Na3 b5 10. Nd5 Qa5+ 11. Bd2 Qd8 12. Nxf6+ Qxf6 13. Bd3 Qg6 14. O-O Be7 15. Qf3 Be6 16. c3 Bg5 17. Bxg5 Qxg5 18. Nc2 O-O 19. a4 Rab8 20. axb5 axb5 21. Ra6 Rfc8 22. Ne3 b4 23. Bc4 Nd4 24. cxd4 Bxc4 25. Nxc4 Rxc4 26. Rxd6 Rxd4 27. Rxd4 exd4 28. Qd3 Qc5 29. Rd1 Rd8 30. g3 g6 31. f3 Rc8 32. Qxd4 Qxd4+ 33. Rxd4 Rc1+ 34. Kf2 Rc2+ 35. Ke3 Rxb2 36. h4 Kg7 37. e5 Rb1 38. Kf4 b3 39. Rb4 b2 40. Rb8 h6 41. Kg4 Re1 1/2-1/2

[Event "Toronto Closed"]
[Site "Toronto CAN"]
[Date "1997.01.15"]
[Round "1"]
[White "Kret, Ted"]
[Black "Fiedler, Brian"]
[Result "1-0"]
[WhiteElo "2204"]
[BlackElo "2278"]
[PlyCount "61"]
[GameId "2160767911999488"]
[EventDate "1997.01.15"]
[EventType "tourn"]
[EventRounds "11"]
[EventCountry "CAN"]
[SourceTitle "EXT 97"]
[Source "ChessBase"]
[SourceDate "1997.11.17"]
[SourceVersion "1"]
[SourceVersionDate "1997.11.17"]
[SourceQuality "1"]

1. d4 Nf6 2. c4 e6 3. Nc3 Bb4 4. e3 b6 5. Bd3 Bb7 6. Nge2 Bxg2 7. Rg1 Be4 8. Nf4 g6 9. Bd2 Bxd3 10. Nxd3 Be7 11. e4 d5 12. cxd5 exd5 13. exd5 Nxd5 14. Qf3 c6 15. Ne5 f5 16. O-O-O Nxc3 17. Qxc3 Qd5 18. Rde1 Kd8 19. Kb1 Bf6 20. Re2 Kc7 21. Bf4 Kb7 22. Nc4 Rd8 23. Rge1 c5 24. Re6 Bxd4 25. Qb3 Nc6 26. Re7+ Nxe7 27. Rxe7+ Qd7 28. Nd6+ Kc7 29. Qd5 Rab8 30. Nb5+ Kc8 31. Qc6+ 1-0